| 000 | 00725nam a22002177a 4500 | ||
|---|---|---|---|
| 005 | 20250625114623.0 | ||
| 010 | _aENG-145560 | ||
| 020 |
_a9788195293148 _c2995.00 |
||
| 035 | _aEN-129092 | ||
| 037 | _bDBAD | ||
| 082 |
_a250 _21 |
||
| 245 |
_aThe Other Emptiness/ _cEdited By Michael R. Sheehy [and] Klaus Dieter Mathes |
||
| 250 | _a1 | ||
| 260 |
_aNew Delhi _bSanctum Books _c2024 |
||
| 270 |
_a68 Medical Association Road, Darya Ganj _bNew Delhi _e110002 |
||
| 300 |
_avi, 391p. _c24cm(hb) _bIndex |
||
| 500 | _aRethinking the Zhentong Buddhist Discourse in Tibet | ||
| 700 |
_aSheehy, Michael R. _eAuthor _982318 |
||
| 700 |
_aMathes, Klaus Dieter _eAuthor _982319 |
||
| 942 |
_cEN _h250 _2ddc _mOTH |
||
| 999 |
_c211938 _d211938 |
||